International economics (Record no. 9563)

MARC details
000 -LEADER
fixed length control field 00489cam a2200193ua 4500
001 - CONTROL NUMBER
control field 10601
005 - DATE AND TIME OF LATEST TRANSACTION
control field 20260515114636.0
008 - FIXED-LENGTH DATA ELEMENTS--GENERAL INFORMATION
fixed length control field 190320n ii |||gr||||Z||||||eng
020 ## - INTERNATIONAL STANDARD BOOK NUMBER
International Standard Book Number 9788126552344
040 ## - CATALOGING SOURCE
Transcribing agency MAIN
082 ## - DEWEY DECIMAL CLASSIFICATION NUMBER
Classification number 337
100 ## - MAIN ENTRY--PERSONAL NAME
Personal name Dominick Salvatore,
Relator term Author.
245 ## - TITLE STATEMENT
Title International economics
Remainder of title trade and finance
250 ## - EDITION STATEMENT
Edition statement 11th rep.
260 ## - PUBLICATION, DISTRIBUTION, ETC.
Place of publication, distribution, etc. New Delhi:
Name of publisher, distributor, etc. Wiley india pvt ltd,
Date of publication, distribution, etc. 2018.
300 ## - PHYSICAL DESCRIPTION
Extent 757p.
653 ## - INDEX TERM--UNCONTROLLED
Uncontrolled term International economics
942 ## - ADDED ENTRY ELEMENTS (KOHA)
Koha item type Books
Holdings
Withdrawn status Lost status Damaged status Not for loan Home library Current library Shelving location Date acquired Total checkouts Full call number Barcode Date last seen Copy number Price effective from Koha item type
        Naharkatiya College Library Naharkatiya College Library General stacks 09/19/2020   337International economics | SAL 26459 09/19/2020 1 09/19/2020 Books